Amenhotep III : le Magnifique /

محفوظ في:

المؤلف الرئيسي: Cabrol, Agnes.

التنسيق: كتاب

اللغة: French

منشور في: Monaco : Rocher, 2000.

سلاسل: Champollion.

الموضوعات:

الوسوم: إضافة وسم

لا توجد وسوم, كن أول من يضع وسما على هذه التسجيلة!

رقم الطلب: DT87.38 .C33

LEADER 00776nam a22002417a 4500
003 OSt
005 20260218105153.0
008 260218t2000 mc af b 001 0bfre d
020 |a 2268035832 
040 |c ARCE Library 
050 1 4 |a DT87.38  |b .C33 
100 1 |a Cabrol, Agnes. 
245 1 0 |a Amenhotep III :   |b le Magnifique /   |c Agnes Cabrol. 
264 1 |a Monaco :   |b Rocher,   |c 2000. 
300 |a 536 p., [24] p. of plates :   |b ill. ;   |c 24 cm. 
490 0 |a Champollion. 
504 |a Includes bibliographical references (p. 505-[520]) and index. 
600 0 0 |a Amenhotep -- III, -- King of Egypt. 
650 0 |a Pharaohs -- Egypt -- Biography. 
651 0 |a Egypt -- History -- Eighteenth dynasty, ca. 1570-1320 B.C. 
901 |a reviewed 
942 |2 lcc  |c BK 
999 |c 47459  |d 47459